El bable de Cabranes / (Record no. 180095)

MARC details
000 -LEADER
campo de control de longitud fija 00837nam a2200217 i 4500
001 - NÚMERO DE CONTROL
campo de control 180095
003 - IDENTIFICADOR DE NÚMERO DE CONTROL
campo de control ES-MaACL
005 - FECHA Y HORA DE LA ÚLTIMA TRANSACCIÓN
campo de control 20230906221008.0
008 - DATOS DE LONGITUD FIJA--INFORMACIÓN GENERAL
campo de control de longitud fija 120417s1944 sp |||| | spa d
080 ## - NÚMERO DE LA CLASIFICACIÓN DECIMAL UNIVERSAL
Número de la Clasificación Decimal Universal 811.134.2'282(460.12 Cabranes)
100 1# - ENTRADA PRINCIPAL--NOMBRE DE PERSONA
Nombre de persona Canellada, María Josefa.
9 (RLIN) 34479
245 13 - MENCIÓN DEL TÍTULO
Título El bable de Cabranes /
Mención de responsabilidad, etc. por María Josefa Canellada.
260 ## - PUBLICACIÓN, DISTRIBUCIÓN, ETC.
Lugar de publicación, distribución, etc. Madrid :
Nombre del editor, distribuidor, etc. Consejo Superior de Investigaciones Científicas, Patronato "Menéndez Pelayo", Instituto "Antonio de Nebrija",
Fecha de publicación, distribución, etc. 1944.
300 ## - DESCRIPCIÓN FÍSICA
Extensión 376 p., [7] h. pleg. ;
Dimensiones 25 cm.
490 1# - MENCIÓN DE SERIE
Mención de serie Anejos de la "Revista filología española" ;
Designación de volumen o secuencia 31
650 ## - PUNTO DE ACCESO ADICIONAL DE MATERIA--TÉRMINO DE MATERIA
Término de materia o nombre geográfico como elemento de entrada Dialecto bable.
9 (RLIN) 160240
710 2# - ENTRADA AGREGADA--NOMBRE DE ENTIDAD CORPORATIVA
Nombre de entidad corporativa o nombre de jurisdicción como elemento de entrada Instituto Antonio de Nebrija.
9 (RLIN) 4795
830 1# - PUNTO DE ACCESO ADICIONAL DE SERIE-TÍTULO UNIFORME
Título uniforme Anejos de la "Revista filología española" ;
Designación de volumen o secuencia 31
9 (RLIN) 224594
852 4# - LOCALIZACIÓN
Ubicación ES-MaACL
Número de control de estantería E-15378
Holdings
Estatus retirado Estado de pérdida Estado de daño No para préstamo Biblioteca de origen Biblioteca actual Ubicación en estantería Fecha de adquisición Fuente de adquisición Total de préstamos Signatura topográfica completa Código de barras Visto por última vez Precio de reemplazo Tipo de ítem Koha
        Biblioteca del Ateneo de Madrid Biblioteca del Ateneo de Madrid Depósito 2 17/04/2012     E-15378 1189230 23/02/2023 23/02/2023 Libro impreso